Quiz: Wer lügt? - Statistiken

Allgemein
  • Dieses Quiz wurde 112 mal gespielt
  • Das Durchschnittsergebnis liegt bei 5 aus 10
Antwortstatistiken
Frage Antwort % Korrekt
Ich habe mehr als 10 Millionen Einwohner. Niedersachsen
74%
Ich war deutscher Bundespräsident. Ludwig Erhard
61%
Ich bin eine Primzahl. 121
55%
Ich bin ein Bestandteil der DNA. Atropin
53%
Ich bin ein Berliner. Karpfen
53%
Ich bin eine Beere. Erdbeere
45%
Ich habe mindestens 7 Oscars gewonnen. Forrest Gump
31%
Ich bin kein echtes Tier. Kapotter
31%
Ich habe eine Kapazität von mind. 50.000 Plätzen. Niedersachsenstadion
29%
Ich habe mehr als 4 Milliarden Euro gekostet. One World Trade Center
20%
Keine übereinstimmenden Quizze gefunden
Verteilung der Resultate
Anzahl Personen mit jedem Resultat
Perzentil nach korrekt beantworteten Fragen
Ihre Resultats-Entwicklung
Sie haben dieses Quiz noch nicht gespielt